| 000 | 00825nam a2200241 i 4500 | ||
|---|---|---|---|
| 001 | 7000 | ||
| 003 | ES-MaACL | ||
| 005 | 20230906145134.0 | ||
| 007 | t| | ||
| 008 | 900720s1988 sp ||||1| spa d | ||
| 020 | _a84-404-3454-5 | ||
| 080 | _a86(Urabayen,F.1.06) | ||
| 100 | 1 |
_aFernández Delgado, Juan José. _949738 |
|
| 245 | 1 | 0 |
_aFelix Urabayen _b: la narrativa de un escritor navarro-toledano / _c[Juan Jose Fernandez Delgado]. |
| 260 |
_aToledo : _bCaja de Ahorro, _cD.L. 1988. |
||
| 300 |
_a335 p. ; _c22 cm. |
||
| 500 | _aAutor tomado de la cub. | ||
| 500 | _aDed. autogr. del autor. | ||
| 600 | 0 | 4 |
_aUrabayen, Félix, _d1883-1943- _xCrítica e interpretación _9112049 |
| 710 | 2 |
_aCaja de Ahorro Provincial (Toledo) _92279 |
|
| 852 |
_aES-MaACL _jL-14296 _bR.116093 _z. - rust. |
||
| 999 |
_c7000 _d7000 |
||